Logo Biblioteca

La Muerte Y Otras Sorpresas. (Registro nro. 217)

Detalles MARC
000 -LEADER
fixed length control field 01575nam a22001817a 4500
003 - CONTROL NUMBER IDENTIFIER
control field OSt
005 - DATE AND TIME OF LATEST TRANSACTION
control field 20240404132525.0
008 - FIXED-LENGTH DATA ELEMENTS--GENERAL INFORMATION
fixed length control field 240404s2016 ag ||||| |||| 00| 0 spa d
020 ## - INTERNATIONAL STANDARD BOOK NUMBER
International Standard Book Number 9789504949978
040 ## - CATALOGING SOURCE
Transcribing agency besoc
100 ## - MAIN ENTRY--PERSONAL NAME
Personal name Benedetti, Mario
Relator term autor
245 ## - TITLE STATEMENT
Title La Muerte Y Otras Sorpresas.
Statement of responsibility, etc. Mario Benedetti
260 ## - PUBLICATION, DISTRIBUTION, ETC.
Place of publication, distribution, etc. Bs As
Name of publisher, distributor, etc. Editorial Planeta
Date of publication, distribution, etc. 2016
300 ## - PHYSICAL DESCRIPTION
Extent 183 p.
505 ## - FORMATTED CONTENTS NOTE
Formatted contents note La Muerte-El Altillo-Réquiem Con Tostadas-Ganas De Embromar-Todos Los Días Son Domingo-Los Bomberos-Musak-La Expresión-Datos Para El Viudo-A Imagen Y Semejanza-El Fin De La Disnea-La Noche De Los Feos-El Otro Yo-El Cambiazo-Para Objetos Solamente-Miss Amnesia-Acaso Irreparable-Péndulo-Cinco Años De Vida.
520 ## - SUMMARY, ETC.
Summary, etc. En la ciudad, hombres y mujeres se aman y se odian, mueren, sobreviven, se deterioran y renacen, sonríen, lloran, se pierden y regresan a través de caminos muchas veces recorridos, o descubren nuevos senderos iluminados por un radiante sol. La soledad, las dificultades de comunicación, la conciencia de la muerte, la alegría o el paso del tiempo son algunos de los temas incluidos en estos diecinueve cuentos que retratan sorprendentes atmósferas de la vida cotidiana. Pocos escritores son capaces de enfrentar al lector con la vida y la muerte de una forma tan delicada, tan humana y al mismo tiempo brutal. Mario Benedetti, uno de los grandes genios de la literatura latinoamericana, nos zambulle en el inmenso océano de la existencia, mostrando a través de su mirada lo más íntimo de una realidad cruel, pero siempre
942 ## - ADDED ENTRY ELEMENTS (KOHA)
Source of classification or shelving scheme Universal Decimal Classification
Koha item type Libro de préstamo a domicilio
Suppress in OPAC No

No hay ítems disponibles.

Biblioteca de la Escuela Preuniversitaria en Ciencias Sociales y Humanísticas.
Riobamba 250 bis.
CP 2000 - Rosario - Santa Fe
E-Mail: biblioteca@esociales.unr.edu.ar